R is for ricochet

Saved in:
Bibliographic Details
Main Author: GRAFTON, Sue
Format: Book
Language:English
Published: G. P. Putnam’s Publishers, 2004.
Tags: Add Tag
No Tags, Be the first to tag this record!

MARC

LEADER 00000nam a22000007a 4500
008 210126b ||||| |||| 00| 0 eng d
020 |a  0-399-15228-8 
100 |a GRAFTON, Sue 
245 |a R is for ricochet  |c Sue Grafton  |e “A Marian Wood Book”  |g  352p. 
260 |b G. P. Putnam’s Publishers,   |c  2004.   |d Books  |h New York  |i 690093  |l PS3557 .G75  |m Millhone, Kinsey (Fictions Character) – Fiction  |m Women private investigators – California – Fiction  |m California – Fiction 
942 |a lcc  |c BK  |e Adekanye I. H. 
952 |0 0  |1 0  |2 lcc  |4 0  |6 PS3557 G75  |7 0  |9 1944  |a HOL  |b HOL  |c LP  |d 2021-01-26  |l 0  |o PS3557 .G75  |p 2021-5806  |r 2021-01-26 00:00:00  |w 2021-01-26  |y BK 
999 |c 1019  |d 1019